LEADER 00859nam a2200241 i 4500 001 000000166707 003 CaOOAMICUS 005 20071116000000.0 008 071116s1958 it u000 u ita u 013 $a144076 040 $aSeMil$bita 100 1 $aSoldati, Mario,$d<1906-1999>.$0(OLS)http://semarc/name/8284 245 13$aLe lettere da Capri :$bromanzo /$cMario Soldati. 250 $a7. Ed. 260 $a[Milano] :$bGarzanti,$c1958. 300 $a352 p. ;$c20 cm. 490 0 $aRomanzi moderni 830 0$aRomanzi moderni.$0(OLS)http://semarc/title/7204 850 $aSeMil 852 $aSeMil$W1$xVenegono$y1$m1C II 239$j246434$B117868$CSeMilBibl$Z2$F128682 $81 961 $aRecupero: Altro 996 $6245$aLe lettere da Capri :$bromanzo$9(OLS)http://semarc/title/238288 996 $6260$a[Milano] :$bGarzanti$9(OLS)http://semarc/publisher/31829 LEADER 00820nas a2200229 i 4500 001 000000251317 003 CaOOAMICUS 005 20161220000000.0 008 161025b2016 ne uu u0 0eng r 013 $a230222 040 $aSeMil$bita 245 10$a[2016 : 4]. 260 $aLeiden ; Boston :$bBrill,$ccopyr. 2016. 300 $aP. [513]-672 ;$c24 cm. 500 $aArticoli con sintesi in inglese [Abstract] in testa. 773 0 $tVetus Testamentum.$dLeiden : Brill, 1951.$x0042-4935$w()3098 774 0 $t[vedi periodico].$w()289856 850 $aSeMil 852 $aSeMil$W1$xVenegono$y1$m100 5 84$j201663$B201663$CSeMilBibl$Z2$F215409 $85 961 $aAbbonamento: Brill 996 $6245$a[2016 : 4]$9(OLS)http://semarc/title/353372 996 $6260$aLeiden ; Boston :$bBrill$9(OLS)http://semarc/publisher/39473 LEADER 01206nam a2200265 4500 001 000000343651 003 CaOOAMICUS 005 20210111103135.0 008 210111s2009 it a 000 u ita r 020 $a978-88-7602-095-7 040 $aSeMil$bita 100 1 $aCampanale, Domenico,$d<1974- >.$0(OLS)http://semarc/name/112743 245 03$aLa genuflessione di un uomo libero :$ba don Tonino Bello, con tutto l'affetto dell'anima /$cDomenico Campanale. 264 1$aTerlizzi (Ba) :$bInsieme,$c2009. 300 $a42 p. :$bill. ;$c21 cm 490 1 $aScrigni ;$v70 600 14$aBello, Antonio .$0(OLS)http://semarc/subject/21262 830 0$aScrigni ;$v70.$0(OLS)http://semarc/title/26139 850 $aSeMil 852 $aSeMil$W1$xVenegono$y1$m3G II 503$j223698$B234674$CSeMilBibl$Z2$F234674 $81 961 $aTremolda don Maurizio - Omaggio 996 $6020$a978-88-7602-095-7$9(OLS)http://semarc/number/260366 996 $6245$aLa genuflessione di un uomo libero :$ba don Tonino Bello, con tutto l'affetto dell'anima$9(OLS)http://semarc/title/432666 996 $6264$aTerlizzi (Ba) :$bInsieme$9(OLS)http://semarc/publisher/35218 LEADER 00912nam a2200229 i 4500 001 000000061795 003 CaOOAMICUS 005 20121122000000.0 008 121122s1924 it u000 u ita u 013 $a32967 040 $aSeMil$bita 100 1 $aGuzzo, Augusto,$d<1894-1986>.$0(OLS)http://semarc/name/9119 245 10$aKant precritico /$cAugusto Guzzo. 260 $aTorino :$bFratelli Bocca,$c1924. 300 $a184 p. ;$c21 cm. 490 0 $aPiccola biblioteca di scienze moderne ;$v301 600 14$aKant, Immanuel <1724-1804>.$0(OLS)http://semarc/subject/7657 830 0$aPiccola biblioteca di scienze moderne ;$v301.$0(OLS)http://semarc/title/9145 850 $aSeMil 852 $aSeMil$W1$xVenegono$y1$m2L II 29$j27948$B27948$CSeMilBibl$Z2$F27951 $81 996 $6245$aKant precritico$9(OLS)http://semarc/title/97183 996 $6260$aTorino :$bFratelli Bocca$9(OLS)http://semarc/publisher/31876 LEADER 01212nam a2200277 i 4500 001 000000122549 003 CaOOAMICUS 005 20040205000000.0 008 040205s1994 it u000 u ita u 013 $a95244 040 $aSeMil$bita 240 12$aI beni della preistoria e della protostoria.$0(OLS)http://semarc/title/407873 240 12$aI beni dell'etą romana.$0(OLS)http://semarc/title/407874 240 12$aI beni della civiltą bizantina e altomedievale.$0(OLS)http://semarc/title/180503 245 10$aVol. 2. 300 $a356 p. :$briccamente ill. 490 0 $aAtlante dei beni culturali dell'Emilia Romagna 700 1 $aVitali, Daniele.$0(OLS)http://semarc/name/19511 700 1 $aSassatelli, Giuseppe.$0(OLS)http://semarc/name/50954 700 1 $aAngiolini Martinelli, Patrizia.$0(OLS)http://semarc/name/50953 700 1 $aScagliarini Corląita, Daniela.$0(OLS)http://semarc/name/50952 830 0$aAtlante dei beni culturali dell'Emilia Romagna.$0(OLS)http://semarc/title/739 850 $aSeMil 852 $aSeMil$W1$xVenegono$y1$m5F X 20$j77509$B77509$CSeMilBibl$Z2$F79455 $81 961 $aOmaggio: Martini Card. Carlo Maria 996 $6245$aVol. 2$9(OLS)http://semarc/title/13458 LEADER 01021nam a2200241 i 4500 001 000000210270 003 CaOOAMICUS 005 20160308000000.0 008 160308s1971 it u000 u ita u 013 $a189083 040 $aSeMil$bita 100 1 $aAprą, Nietta.$0(OLS)http://semarc/name/75295 245 13$aIl mobile Barocco e Barocchetto italiano /$cNietta Aprą. 260 $aNovara :$bIstituto Geografico De Agostini,$c1971. 300 $a64 p. :$bill. ;$c30 cm. 490 0 $aI documentari. Conoscere l'antiquariato ;$v5 650 4$aAntiquariato.$0(OLS)http://semarc/subject/30910 830 2$aI documentari. Conoscere l'antiquariato ;$v5.$0(OLS)http://semarc/title/44739 850 $aSeMil 852 $aSeMil$W1$xVenegono$y1$m5F X 36$j160720$B160720$CSeMilBibl$Z2$F210700 $81 961 $aLascito: Calori don Carlo 996 $6245$aIl mobile Barocco e Barocchetto italiano$9(OLS)http://semarc/title/303942 996 $6260$aNovara :$bIstituto Geografico De Agostini$9(OLS)http://semarc/publisher/31865